mir. Management international review journal of international business

Gespeichert in:
Bibliographische Detailangaben
Format: Schriftenreihe
Sprache:Englisch
Veröffentlicht: Wiesbaden Gabler
Schlagworte:
Tags: Tag hinzufügen
Keine Tags, Fügen Sie das erste Tag hinzu!

MARC

LEADER 00000nas1a22000001 4500
001 s120176
005 20230418121247.2
022 |a 0025-181X 
041 0 |a eng 
044 |a DE 
245 1 0 |a mir. Management international review  |b journal of international business 
264 1 |a Wiesbaden  |b Gabler 
610 2 0 |a riadenie obchodu 
610 2 0 |a manažment 
610 2 0 |a vzťahy hospodárske medzinárodné